| 000 | 01208nam a22003257a 4500 | ||
|---|---|---|---|
| 003 | EG-ScBUE | ||
| 005 | 20220717114604.0 | ||
| 008 | 140417t2005 enka f 000 0 eng d | ||
| 020 | _a1413009123 | ||
| 020 | _a9781413009125 | ||
| 040 |
_aEG-ScBUE _beng _erda _cEG-ScBUE _dEG-ScBUE |
||
| 082 | 0 | 4 |
_222 _bKER _a428.2402465 |
| 100 | 1 |
_935110 _aKerridge, David, _eauthor. |
|
| 245 | 1 | 0 |
_aBest practice pre-intermediate : _bbusiness English in context, _pTeacher's resource book / _cDavid Kerridge. |
| 246 | 3 | 0 | _aTeacher's resource book |
| 264 | 1 |
_aLondon : _bThomson Learning, _c[2005] |
|
| 264 | 4 | _cc2005 | |
| 300 |
_a127 pages : _btables ; _c30 cm |
||
| 336 |
_2rdacontent _atext _btxt |
||
| 337 |
_2rdamedia _aunmediated _bn |
||
| 338 |
_2rdacarrier _avolume _bnc |
||
| 650 | 7 |
_aBusiness communication _vTerminology. _2BUEsh _935931 |
|
| 650 | 7 |
_aEnglish language _xBusiness English _vTerminology. _935932 _2BUEsh |
|
| 650 | 7 |
_aEnglish language _xBusiness English _vProblems, exercises, etc. _923274 _2BUEsh |
|
| 650 | 7 |
_aBusiness communication _vProblems, exercises, etc. _935933 _2BUEsh |
|
| 651 | _2BUEsh | ||
| 653 |
_cApril2014 _bHHUUEENN |
||
| 655 |
_vReading book _934232 |
||
| 942 |
_2ddc _k428.2402465 KER _cTR |
||
| 999 |
_c18233 _d18205 |
||